The Trials of eight persons indited for piracy &c : Of whom two were acquitted, and the rest found guilty. At a justiciary Court of Admiralty assembled and held in Boston within His Majesty's province of the Massachusetts-Bay in New-England, on the 18th of October 1717. And by several adjournments continued to the 30th. Pursuant to His Majesty's commission and instruction, founded on the act of Parliament made in the 11th. & 12th of King William IIId. Intituled, An act for the more effectual suppression of piracy. : With an appendix, containing the substance of their confessions given before His Excellency the governour, when they were first brought to Boston, and committed to goal.

Bibliographic Details
Corporate Author: Massachusetts. Court of Admiralty
Other Authors: Van Vorst, Simon, 1692 or 1693-
Format: eBook
Language:English
Series:Early American imprints. Evans (1639-1800) ; no. 2003.
Subjects:
Online Access:Evans Digital Edition

MARC

Tag First Indicator Second Indicator Subfields
LEADER 00000cam a22000001a 4500
001 in00002136342
006 m e d #
007 cr mn mmmmabba
008 861216s1718 mau s s000 0 eng d
005 20260330214716.6
035 |z w006340 
035 |a MAAR8612163705B 
035 |9 mwa91-43200 
035 |a 329536 
035 |a aas03006340 
040 |a MWA  |c MWA  |e bdrb  |d UtOrBLW 
245 0 4 |a The Trials of eight persons indited for piracy &c :  |b Of whom two were acquitted, and the rest found guilty. At a justiciary Court of Admiralty assembled and held in Boston within His Majesty's province of the Massachusetts-Bay in New-England, on the 18th of October 1717. And by several adjournments continued to the 30th. Pursuant to His Majesty's commission and instruction, founded on the act of Parliament made in the 11th. & 12th of King William IIId. Intituled, An act for the more effectual suppression of piracy. : With an appendix, containing the substance of their confessions given before His Excellency the governour, when they were first brought to Boston, and committed to goal. 
264 3 |a Boston :  |b Printed by B. Green, for John Edwards, and sold at his shop in King's Street,  |c 1718. 
300 |a 2 unnumbered pages, 25 pages, 1 unnumbered page ;  |c (folio) 
336 |a text  |b txt  |2 rdacontent 
337 |a computer  |b c  |2 rdamedia 
338 |a online resource  |b cr  |2 rdacarrier 
500 |a Errata statement, foot of page 25. 
510 4 |a Evans  |c 2003 
530 |a Microform version available in the Readex Early American Imprints series. 
533 |a Electronic text and image data.  |b [Chester, Vt. :  |c Readex, a division of Newsbank, Inc.,  |d 2002-2004.  |e Includes files in TIFF, GIF and PDF formats with inclusion of keyword searchable text.  |f (Early American imprints. First series ; no. 2003). 
500 |a Electronic resource. 
600 1 0 |a Van Vorst, Simon,  |d 1692 or 1693- 
650 0 |a Trials (Piracy)  |z Massachusetts  |z Boston. 
650 0 |a Pirates  |z Massachusetts. 
700 1 |a Van Vorst, Simon,  |d 1692 or 1693- 
710 1 |a Massachusetts.  |b Court of Admiralty. 
752 |a United States  |b Massachusetts  |d Boston. 
830 0 |a Early American imprints.  |n Series I,  |p Evans (1639-1800) ;  |v no. 2003. 
856 4 1 |u http://proxy.library.tamu.edu/login?url=https://opac.newsbank.com/select/evans/2003  |y Evans Digital Edition  |t 0 
999 |a MARS 
999 f f |s 983fc67b-1d53-3a71-8394-4ab29f9fa932  |i 31cfd1f3-694a-3354-a8f9-17a1a8f8a63c  |t 0 
952 f f |a Texas A&M University  |b College Station  |c Electronic Resources  |s www_evans  |d Available Online  |t 0  |h No information provided 
998 f f |t 0  |l Available Online